Rakovina

Uložené v:
Podrobná bibliografia
Ďalší autori: Kryl, Karel, 1944-1994 (Singer, Librettist)
Médium: Zvuková nahrávka
Jazyk:Slovak
Czech
Vydané: Praha : Bonton, p1990.
Fyzický popis: 1 gramofónová platňa : analog 33 1/3 ot/min., stereo ; 30 cm.
Tagy: Pridať tag
Žiadne tagy, Buďte prvý kto otaguje tento záznam!

MARC

LEADER 00000njm a22000004a 4500
001 000430708
003 SVKKK
005 20160222114836.0
008 130810s1990 xo e 000 0 slo d
028 0 1 |a 71 0002-1 911  |b Bonton 
040 |a SVKKK  |b slo  |c SVKKK  |e AACR2 
041 0 |d cze 
044 |a xr  |c CZ 
100 1 |a Kryl, Karel,  |d 1944-1994  |4 sng  |4 lbt 
245 1 0 |a Rakovina  |h [zvukový záznam] /  |c hudbu a text napsal, hraje a zpíva Karel Kryl. 
260 |a Praha :  |b Bonton,  |c p1990. 
300 |a 1 gramofónová platňa :  |b analog 33 1/3 ot/min., stereo ;  |c 30 cm. 
500 |a Reedícia zo zahraničného exempláru, prerobená z mono na stereo 
505 0 |a Strana 1:  |t Rakovina (5:43) --  |t Marat ve vaně (3:28) --  |t Tak jenom pojistit (2:57) --  |t Hle, jak se perou (1:45) --  |t Co řeknou (0:58) 
505 0 |a Strana 2:  |t Pochod Gustapa (1:20) --  |t Habet (2:20) --  |t Bíla hora (3:12) --  |t Divný kníže (5:46) --  |t Tak vás tu máme (1:14) 
910 |a svkkk 
998 |a AM 
090 |g SCKHL  |k Sklad Pribinova 1. posch.  |a IIIG.5283  |j 7262  |i 2720370240  |s Prezenčne CD, DVD 
924 |a LP 
924 |a AVM